000
00335nam a22001217a 4500
040
_c
HS
082
_a
630
100
_a
FAO
245
_a
ផែនការសកម្មភាពជាតិសម្រាប់ឧត្តមសិក្សាកសិកម្ម
260
_a
Cambodia
_b
FAO
_c
1998
300
_a
322p;
942
_c
KB
999
_c
9290
_d
9290